A guide to the construction of polythene-lined reservoirs, lakes, ponds and lagoons (Record no. 86943)

MARC details
000 -LEADER
fixed length control field 00484cam a2200181 4500
001 - CONTROL NUMBER
control field D8258
008 - FIXED-LENGTH DATA ELEMENTS--GENERAL INFORMATION
fixed length control field 090401t xxu||||| |||| 00| 0 eng d
035 ## - SYSTEM CONTROL NUMBER
System control number (Sirsi) u12054
041 ## - LANGUAGE CODE
Language code of text/sound track or separate title eng
050 ## - LIBRARY OF CONGRESS CALL NUMBER
Classification number 627.86
110 ## - MAIN ENTRY--CORPORATE NAME
Corporate name or jurisdiction name as entry element S Robb and Sons
9 (RLIN) 2160
245 #2 - TITLE STATEMENT
Title A guide to the construction of polythene-lined reservoirs, lakes, ponds and lagoons
260 ## - PUBLICATION, DISTRIBUTION, ETC.
Place of publication, distribution, etc. St. Ives, Huntingdon
Name of publisher, distributor, etc. S Robb
Date of publication, distribution, etc. nd (1977)
300 ## - PHYSICAL DESCRIPTION
Extent 5 leaves. 30cm
350 ## - PRICE (NR) (BK AM CF MU VM SE) [OBSOLETE]
Price 0
942 ## - ADDED ENTRY ELEMENTS (KOHA)
Suppress in OPAC 0
948 ## - LOCAL PROCESSING INFORMATION (OCLC); SERIES PART DESIGNATOR (RLIN)
c (OCLC) 04/03/1997

No items available.